• 首页
  • 本馆介绍
  • 公告通知
  • 最新文献
  • 馆藏检索
  • 电子资源
  • 读者导购
  • 参考咨询
  • 我的图书馆
  • 登录
  • 详细信息显示
  • 放入我的书架
  • 预约/预借图书
  • 作者相关作品
  • 分类相关作品
  • 丛书相关作品
  • 出版社相关作品

书目信息

  • 表格格式
  • 工作单格式
  • 卡片格式
题名:
水的化学分析
    
 
作者: 威尔逊 著 ;曲善慈 译
分册:  
出版信息: 北京   中国建筑工业出版社  1982
页数: 240页
开本: 19cm
丛书名:
单 册:
中图分类: O661.1
科图分类:
主题词: 水质分析-给水处理 , 化学 , 给水处理-水质分析
电子资源:
ISBN:
000 00763nam0 2200265 45
001 0182004241
005 20060328083226.71
010    @dCNY0.81
091    @a15040.4246
100    @a19950323d1982 em y0chiy0121 ea
101 1  @achi@ceng
102    @aCN@b110000
105    @ay z 000yy
200 10 @a水的化学分析@Ashui de hua xue fen xi@f(英)A·L·威尔逊著@F(ying)A·L·wei er xun zhu@g曲善慈译
210    @a北京@c中国建筑工业出版社@d1982
215    @a240页@d19cm
606    @a水质分析-给水处理
606 0  @a化学
606    @a给水处理-水质分析
690    @aO661.1
701  0 @a威尔逊@Awei er xun@4著
702  0 @a曲善慈@Aqu shan ci@4译
801  2 @aCN@bNLC@c20060328
801  0 @aCN@b上海图书馆@c20040520
905    @f1@b81481@dO661.1@e1@b147851@f1
    
    水的化学分析/(英)A·L·威尔逊著/曲善慈译.-北京:中国建筑工业出版社,1982
    240页;19cm
    
    
    ISBN :CNY0.81
    
●
相关链接 在E读中查询图书 在五车中查询图书 在当当中查询图书 在豆瓣中查询图书


正题名:水的化学分析     索取号:O661.1/1         预约/预借

序号 登录号 条形码 馆藏地/架位号 状态 备注
1 0081481   000630179   第三借阅区/ [索取号:O661.1/1] 在馆    
2 0081482   202214120   密集书库/ [索取号:O661.1/1] 在馆    
3 0081483   202214086   密集书库/ [索取号:O661.1/1] 在馆    
4 0132151   202214004   密集书库/ [索取号:O661.1/1] 在馆    
5 0132152   202214040   密集书库/ [索取号:O661.1/1] 在馆    
6 0147851   000630188   密集书库/ [索取号:O661.1/1] 在馆    
7 0147853   202447815   第二样本阅览室/ [索取号:O661.1/1] 在馆    
唐山师范学院图书馆 欢迎您!
大连网信软件有限公司© 版权所有